Normal view
MARC view
- Iqbal. Jamshaid
Entry Personal Name
001 - CONTROL NUMBER
- control field: 15993
003 - CONTROL NUMBER IDENTIFIER
- control field: NUST
005 - DATE AND TIME OF LATEST TRANSACTION
- control field: 20190628124711.0
008 - FIXED-LENGTH DATA ELEMENTS
- fixed length control field: 190628|| aca||aabn | a|a d
040 ## - CATALOGING SOURCE
- Original cataloging agency: NUST
- Transcribing agency: NUST
100 ## - HEADING--PERSONAL NAME
- Personal name: Iqbal. Jamshaid
670 ## - SOURCE DATA FOUND
- Source citation: Work cat.: (NUST): Iqbal. Jamshaid, Science wa maashi tahzeeb aor taswaf ka kardar, 2007.
